[Event "Arad op 16th"]
[Site "Arad"]
[Date "2023.08.09"]
[Round "4"]
[White "Rathanvel, VS."]
[Black "Horvath, Kristof"]
[Result "1-0"]
[WhiteElo "2491"]
[BlackElo "2116"]
[PlyCount "45"]
[EventDate "2023.08.07"]
[EventType "swiss"]
[EventRounds "9"]
[EventCountry "ROU"]
[SourceTitle "EXT 2024"]
[Source "ChessBase"]
[SourceDate "2023.10.10"]
[SourceVersion "1"]
[SourceVersionDate "2023.10.10"]
[SourceQuality "1"]

1. e4 e5 2. Nf3 Nc6 3. Bb5 a6 4. Ba4 d6 5. 0-0 Bd7 6. c4 Nf6 7. Nc3 Nd4 8. Bxd7+ Nxd7 9. Nxd4 exd4 10. Ne2 c5 11. d3 b5 12. b3 Be7 13. Ng3 g6 14. f4 Bh4 15. Qg4 Bxg3 16. Qxg3 Qc7 17. f5 Ne5 18. Bg5 Rg8 19. Qh3 h5 20. fxg6 Rxg6 21. Qxh5 Rg8 22. Qh7 Kd7 23. Bf6 1-0

[Event "HUN-ch Rapid"]
[Site "Ajka"]
[Date "2022.07.17"]
[Round "13"]
[White "Horvath, Kristof"]
[Black "Csati, Oliver"]
[Result "1-0"]
[WhiteElo "2053"]
[BlackElo "2218"]
[PlyCount "82"]
[EventDate "2022.07.15"]
[EventType "swiss (rapid)"]
[EventRounds "13"]
[EventCountry "HUN"]
[SourceTitle "CBM 209 Extra"]
[Source "ChessBase"]
[SourceDate "2022.09.30"]
[SourceVersion "1"]
[SourceVersionDate "2022.09.30"]
[SourceQuality "1"]

1. e4 c5 2. c3 Nf6 3. e5 Nd5 4. d4 cxd4 5. Qxd4 e6 6. Nf3 Nc6 7. Qe4 d6 8. Bc4 dxe5 9. Nxe5 Nxe5 10. Qxe5 a6 11. 0-0 Qf6 12. Qe4 Nb6 13. Bd3 Nd7 14. b4 a5 15. Na3 Bxb4 16. cxb4 Qxa1 17. Nb5 Qe5 18. Qh4 Qb8 19. Bf4 e5 20. Rc1 f6 21. Rxc8+ Qxc8 22. Nd6+ Ke7 23. Nxc8+ Rhxc8 24. Be3 h6 25. Qg4 g5 26. Bc4 Rc6 27. Bb5 Rd6 28. Bxd7 Rxd7 29. Bc5+ Kd8 30. h3 axb4 31. Qe6 Ra6 32. Bb6+ Rxb6 33. Qxb6+ Ke7 34. Qxb4+ Kf7 35. Kf1 Kg7 36. Ke2 Kg6 37. g4 Kg7 38. a4 Kf7 39. Qe4 Kg7 40. Qf5 Rd4 41. Qc8 Rd6 1-0

[Event "HUN-ch Rapid"]
[Site "Ajka"]
[Date "2022.07.16"]
[Round "9"]
[White "Horvath, Kristof"]
[Black "Kovacs, Klara"]
[Result "1/2-1/2"]
[WhiteElo "2053"]
[BlackElo "2098"]
[PlyCount "120"]
[EventDate "2022.07.15"]
[EventType "swiss (rapid)"]
[EventRounds "13"]
[EventCountry "HUN"]
[SourceTitle "CBM 209 Extra"]
[Source "ChessBase"]
[SourceDate "2022.09.30"]
[SourceVersion "1"]
[SourceVersionDate "2022.09.30"]
[SourceQuality "1"]

1. e4 e6 2. d4 d5 3. Nd2 Be7 4. Ngf3 Nf6 5. e5 Nfd7 6. Bd3 c5 7. c3 b6 8. Qe2 Nc6 9. 0-0 cxd4 10. cxd4 Nb4 11. Bb5 a6 12. Ba4 b5 13. Bb3 Qb6 14. a3 Nc6 15. Qe3 a5 16. Rd1 a4 17. Bc2 b4 18. axb4 Qxb4 19. b3 Nb6 20. Ba3 Qa5 21. Bxe7 Nxe7 22. bxa4 Bd7 23. Nb3 Qa7 24. Nc5 Nc4 25. Qg5 Ng6 26. a5 Bc6 27. a6 Qe7 28. Rdb1 Qxg5 29. Nxg5 Nf4 30. Nf3 Ke7 31. Kf1 f6 32. exf6+ gxf6 33. g3 Ng6 34. Bd3 e5 35. dxe5 fxe5 36. Bxc4 dxc4 37. Nd2 Bd5 38. a7 Rhc8 39. Na4 c3 40. Nb6 cxd2 41. Nxd5+ Ke6 42. Nb6 Rc1+ 43. Rxc1 dxc1Q+ 44. Rxc1 Rxa7 45. Rc6+ Kf5 46. Kg2 Ra2 47. Nc4 e4 48. Ne3+ Ke5 49. Rc7 h5 50. Rc5+ Kf6 51. Rxh5 Ne5 52. Rh4 Nd3 53. Rxe4 Rxf2+ 54. Kh3 Ra2 55. Ng4+ Kg5 56. Rd4 Ne1 57. Rd5+ Kg6 58. Kh4 Nf3+ 59. Kh3 Ng1+ 60. Kh4 Nf3+ 1/2-1/2

[Event "HUN-ch Rapid"]
[Site "Ajka"]
[Date "2022.07.15"]
[Round "4"]
[White "Kaczur, Florian"]
[Black "Horvath, Kristof"]
[Result "1-0"]
[WhiteElo "2482"]
[BlackElo "2053"]
[PlyCount "53"]
[EventDate "2022.07.15"]
[EventType "swiss (rapid)"]
[EventRounds "13"]
[EventCountry "HUN"]
[SourceTitle "CBM 209 Extra"]
[Source "ChessBase"]
[SourceDate "2022.09.30"]
[SourceVersion "1"]
[SourceVersionDate "2022.09.30"]
[SourceQuality "1"]

1. d4 d5 2. Nf3 Nf6 3. c4 e6 4. Nc3 c5 5. e3 Be7 6. a3 0-0 7. dxc5 Bxc5 8. Qc2 dxc4 9. Bxc4 a6 10. Bd3 Be7 11. e4 h6 12. e5 Nd5 13. 0-0 Nc6 14. Qe2 Qc7 15. Qe4 f5 16. Nxd5 exd5 17. Qxd5+ Kh8 18. Bd2 Rd8 19. Qc4 Qd7 20. Bb1 b5 21. Qc2 Nd4 22. Nxd4 Qxd4 23. Ba5 Re8 24. Rd1 Qxe5 25. Qc6 Be6 26. Bc3 Rad8 27. Qxe8+ 1-0

[Event "HUN-chT2 Maroczy 1819"]
[Site "Hungary"]
[Date "2019.03.31"]
[Round "10.10"]
[White "Fekete, Albert"]
[Black "Horvath, Kristof"]
[Result "1/2-1/2"]
[WhiteElo "2194"]
[BlackElo "2015"]
[PlyCount "164"]
[EventDate "2018.09.23"]
[EventType "team-tourn"]
[EventRounds "11"]
[EventCountry "HUN"]
[SourceTitle "EXT 2021"]
[Source "ChessBase"]
[SourceDate "2020.10.23"]
[SourceVersion "1"]
[SourceVersionDate "2020.10.23"]
[SourceQuality "1"]
[WhiteTeam "Kisujszallas"]
[BlackTeam "Lillafured DVTK II"]
[WhiteTeamCountry "HUN"]
[BlackTeamCountry "HUN"]

1. Nf3 d5 2. g3 c6 3. Bg2 Bg4 4. h3 Bh5 5. d3 Nd7 6. Nbd2 Ngf6 7. 0-0 e5 8. e4 dxe4 9. dxe4 Bc5 10. Qe2 0-0 11. Rd1 Qc7 12. Nf1 Bxf3 13. Bxf3 Rfd8 14. c3 Nf8 15. Bg5 Be7 16. Rxd8 Rxd8 17. Rd1 Ne6 18. Be3 Bc5 19. Rxd8+ Qxd8 20. b4 Bxe3 21. Qxe3 b6 22. Kg2 h6 23. h4 c5 24. b5 Nc7 25. Be2 Qd7 26. a4 a6 27. Qd2 axb5 28. Qxd7 Nxd7 29. axb5 Ne8 30. Ne3 Nd6 31. f3 Kf8 32. Kf2 Ke8 33. Ke1 Kd8 34. Kd2 Kc7 35. Bf1 Kb7 36. Kc2 Nf6 37. g4 Nfe8 38. Kb3 Nc7 39. Ka4 Ne6 40. Bc4 Nf4 41. Bf1 g6 42. Kb3 Kc7 43. Kc2 Kd7 44. Kd2 Ke7 45. Nd1 h5 46. Ke3 Kf6 47. Nb2 g5 48. hxg5+ Kxg5 49. gxh5 Kxh5 50. Na4 Nc8 51. Bc4 Kg6 52. Kf2 Kf6 53. Kg3 Kg6 54. Kg4 Kf6 55. Kh4 Kg6 56. Bf1 Kf6 57. c4 Kg6 58. Nc3 Nd6 59. Na4 Nc8 60. Kg4 Kf6 61. Nc3 Nd6 62. Nd1 Kg6 63. Ne3 Kf6 64. Kh4 Kg6 65. Ng4 f6 66. Ne3 Kh6 67. Kg4 Kg6 68. Nd1 f5+ 69. exf5+ Nxf5 70. Bh3 Nxh3 71. Kxh3 Kg5 72. Kg2 Kf4 73. Kf2 e4 74. fxe4 Kxe4 75. Nc3+ Kd4 76. Na4 Kxc4 77. Nxb6+ Kxb5 78. Nd5 Kc4 79. Nb6+ Kd4 80. Ke2 Ne3 81. Kd2 Nc4+ 82. Nxc4 Kxc4 1/2-1/2

[Event "HUN-chT2 Maroczy 1819"]
[Site "Hungary"]
[Date "2019.02.24"]
[Round "8.10"]
[White "Karacsonyi, Kata"]
[Black "Horvath, Kristof"]
[Result "1/2-1/2"]
[WhiteElo "1865"]
[BlackElo "2015"]
[PlyCount "48"]
[EventDate "2018.09.23"]
[EventType "team-tourn"]
[EventRounds "11"]
[EventCountry "HUN"]
[SourceTitle "EXT 2020"]
[Source "ChessBase"]
[SourceDate "2019.10.17"]
[SourceVersion "1"]
[SourceVersionDate "2019.10.17"]
[SourceQuality "1"]
[WhiteTeam "Kobanya Aquarena II"]
[BlackTeam "Lillafured DVTK II"]
[WhiteTeamCountry "HUN"]
[BlackTeamCountry "HUN"]

1. e4 e5 2. Nf3 Nc6 3. Bb5 a6 4. Bxc6 dxc6 5. 0-0 Bg4 6. h3 Bxf3 7. Qxf3 Nf6 8. Rd1 Qd7 9. d3 Be7 10. Be3 0-0 11. Nc3 c5 12. Ne2 Qe6 13. Ng3 Nd7 14. Nf5 Bf6 15. Qg4 Kh8 16. Bg5 g6 17. Ne3 Qxg4 18. Bxf6+ Nxf6 19. Nxg4 Nxg4 20. hxg4 Rad8 21. Kf1 Rd6 22. Rd2 Rfd8 23. Rad1 c4 24. Ke2 cxd3+ 1/2-1/2

[Event "HUN-chT 1819"]
[Site "Hungary"]
[Date "2019.01.27"]
[Round "4.1"]
[White "Krstulovic, Alex"]
[Black "Horvath, Kristof"]
[Result "1-0"]
[WhiteElo "2309"]
[BlackElo "1978"]
[PlyCount "43"]
[EventDate "2018.11.17"]
[EventType "team-tourn"]
[EventRounds "9"]
[EventCountry "HUN"]
[SourceTitle "CBM 188 Extra"]
[Source "ChessBase"]
[SourceDate "2019.02.26"]
[SourceVersion "1"]
[SourceVersionDate "2019.02.26"]
[SourceQuality "1"]
[WhiteTeam "Paks"]
[BlackTeam "DVTK"]
[WhiteTeamCountry "HUN"]
[BlackTeamCountry "HUN"]

1. d4 d5 2. c4 e5 3. dxe5 d4 4. Nf3 Nc6 5. a3 Nge7 6. b4 Ng6 7. Bb2 a5 8. b5 Ncxe5 9. Nxe5 Nxe5 10. e3 Be6 11. Bxd4 Nxc4 12. Bd3 Bd6 13. 0-0 Ne5 14. Be2 Qh4 15. f4 Ng4 16. Bxg4 Bxg4 17. Qc2 0-0 18. Nc3 Qe7 19. a4 Be6 20. f5 Bc4 21. f6 gxf6 22. Ne4 1-0

[Event "HUN-ch U18"]
[Site "Balatonlelle"]
[Date "2018.06.26"]
[Round "7"]
[White "Horvath, Balazs1111"]
[Black "Horvath, Kristof"]
[Result "1/2-1/2"]
[WhiteElo "2142"]
[BlackElo "1991"]
[PlyCount "126"]
[EventDate "2018.06.21"]
[EventType "swiss"]
[EventRounds "9"]
[EventCountry "HUN"]
[SourceTitle "EXT 2019"]
[Source "ChessBase"]
[SourceDate "2018.10.10"]
[SourceVersion "1"]
[SourceVersionDate "2018.10.10"]
[SourceQuality "1"]

1. e4 e5 2. Bc4 Nf6 3. d3 Bc5 4. Nc3 Nc6 5. f4 exf4 6. Bxf4 d6 7. h3 Be6 8. Bb5 0-0 9. Bxc6 bxc6 10. Bg5 h6 11. Bh4 g5 12. Bf2 Bxf2+ 13. Kxf2 d5 14. g4 Rb8 15. b3 Qd6 16. Nge2 Rbd8 17. Qg1 Rfe8 18. Rd1 dxe4 19. dxe4 Qb4 20. Qg2 Bd7 21. Rd4 Qe7 22. Rhd1 c5 23. Rc4 Bc6 24. Rxd8 Rxd8 25. Qf3 Nd7 26. Qe3 Bb7 27. Ng3 Kh7 28. Nf5 Qe5 29. Qg3 Qxg3+ 30. Kxg3 Re8 31. Kf2 Re5 32. Ke3 Nb6 33. Kd3 Nxc4 34. bxc4 Kg6 35. Nd5 Bxd5 36. cxd5 Re8 37. Ng3 Kf6 38. Kc4 Ke5 39. Kxc5 Rb8 40. Kc6 Rb6+ 41. Kxc7 Rb4 42. Kd7 Rc4 43. d6 Rxc2 44. Ke7 Rxa2 45. Nf5 Rd2 46. Nxh6 f6 47. Nf7+ Kxe4 48. d7 Rxd7+ 49. Kxd7 a5 50. Ke6 a4 51. Nd6+ Kd3 52. Nb5 Kc4 53. Na3+ Kb3 54. Nb1 Kb2 55. Nd2 Kc2 56. Nc4 Kb3 57. Kd5 Kc3 58. Kc5 Kd3 59. Nb2+ Ke4 60. Nxa4 f5 61. Nc3+ Ke5 62. gxf5 Kxf5 63. Kd4 g4 1/2-1/2

[Event "HUN-ch U18"]
[Site "Balatonlelle"]
[Date "2018.06.24"]
[Round "4"]
[White "Horvath, Kristof"]
[Black "Haselbach, David"]
[Result "0-1"]
[WhiteElo "1991"]
[BlackElo "1990"]
[PlyCount "118"]
[EventDate "2018.06.21"]
[EventType "swiss"]
[EventRounds "9"]
[EventCountry "HUN"]
[SourceTitle "EXT 2019"]
[Source "ChessBase"]
[SourceDate "2018.10.10"]
[SourceVersion "1"]
[SourceVersionDate "2018.10.10"]
[SourceQuality "1"]

1. e4 c5 2. c3 d5 3. exd5 Qxd5 4. d4 Nf6 5. Nf3 e6 6. Nbd2 cxd4 7. Bc4 Qh5 8. Nxd4 Qxd1+ 9. Kxd1 a6 10. a4 Bd7 11. N2f3 Nc6 12. Be3 Ng4 13. Ke2 Nxe3 14. fxe3 Rc8 15. Bd3 f6 16. e4 Bd6 17. Nc2 Ke7 18. Ne3 Na5 19. b4 Nb3 20. Ra3 Rxc3 21. Nc2 Bxb4 22. Nxb4 Nc1+ 23. Rxc1 Rxa3 24. Rc7 Rb8 25. Rc4 a5 26. Nc2 Rxa4 27. Rxa4 Bxa4 28. Nfd4 Bxc2 29. Bxc2 Kd6 30. Kd3 b5 31. Bb3 e5 32. Nf5+ Kc5 33. Ne3 Rd8+ 34. Bd5 a4 35. Kc3 b4+ 36. Kb2 g6 37. g4 Rb8 38. Nc4 Kd4 39. Na5 Kc5 40. Nc4 Rh8 41. g5 f5 42. Nd2 fxe4 43. Bxe4 Rf8 44. Nf3 Rf4 45. Bb7 e4 46. Ne1 Rf2+ 47. Kc1 Kd4 48. Nc2+ Kc3 49. Ne3 Kd4 50. Nc2+ Kc3 51. Ne3 Rxh2 52. Nd5+ Kc4 53. Nb6+ Kb5 54. Nd5 a3 55. Kb1 b3 56. Nc3+ Kc4 57. Nd1 Rh1 58. Ba6+ Kb4 59. Be2 Re1 0-1

[Event "HUN-ch U18"]
[Site "Balatonlelle"]
[Date "2018.06.23"]
[Round "3"]
[White "Marosi, Levente"]
[Black "Horvath, Kristof"]
[Result "1-0"]
[WhiteElo "2281"]
[BlackElo "1991"]
[PlyCount "115"]
[EventDate "2018.06.21"]
[EventType "swiss"]
[EventRounds "9"]
[EventCountry "HUN"]
[SourceTitle "EXT 2019"]
[Source "ChessBase"]
[SourceDate "2018.10.10"]
[SourceVersion "1"]
[SourceVersionDate "2018.10.10"]
[SourceQuality "1"]

1. e4 e5 2. Nf3 Nc6 3. d4 exd4 4. Nxd4 Nf6 5. Nxc6 bxc6 6. e5 Qe7 7. Qe2 Nd5 8. h4 Qe6 9. c4 Nb6 10. b3 Ba6 11. Bb2 Bb4+ 12. Nd2 0-0 13. 0-0-0 d5 14. exd6 Qxe2 15. Bxe2 cxd6 16. a3 Bxd2+ 17. Rxd2 d5 18. cxd5 Bxe2 19. Rxe2 Nxd5 20. g3 Rfe8 21. Rhe1 Rxe2 22. Rxe2 f6 23. Re6 Rc8 24. Rd6 Rc7 25. Bd4 Kf7 26. Kc2 Ne7 27. Bc5 Nc8 28. Rd8 Nb6 29. a4 Ke6 30. Bxb6 axb6 31. Rb8 b5 32. axb5 cxb5+ 33. Kd2 Rc5 34. Rb7 g5 35. Rxh7 Rf5 36. Ke2 gxh4 37. Rxh4 Kd5 38. Ke3 Re5+ 39. Kd3 Rg5 40. Rd4+ Ke6 41. Rf4 Rc5 42. g4 Rc1 43. Rb4 Rd1+ 44. Kc3 Rc1+ 45. Kd4 Rd1+ 46. Kc5 Rd5+ 47. Kb6 f5 48. g5 f4 49. Rxf4 Rxg5 50. Rd4 Rf5 51. f4 Ke7 52. Kc6 Ke6 53. Re4+ Kf7 54. b4 Kf6 55. Re1 Kf7 56. Re5 Rxf4 57. Kxb5 Kf6 58. Re1 1-0

[Event "HUN-chT2 Barcza 1718"]
[Site "Hungary"]
[Date "2017.12.17"]
[Round "6.8"]
[White "Horvath, Kristof"]
[Black "Kincses, Laszlo"]
[Result "1-0"]
[WhiteElo "2022"]
[BlackElo "1510"]
[PlyCount "49"]
[EventDate "2017.09.24"]
[EventType "team-tourn"]
[EventRounds "11"]
[EventCountry "HUN"]
[SourceTitle "EXT 2021"]
[Source "ChessBase"]
[SourceDate "2020.10.23"]
[SourceVersion "1"]
[SourceVersionDate "2020.10.23"]
[SourceQuality "1"]
[WhiteTeam "Lillafured DVTK II"]
[BlackTeam "Kazincbarcika"]
[WhiteTeamCountry "HUN"]
[BlackTeamCountry "HUN"]

1. e4 Nf6 2. e5 Nd5 3. c4 Nb6 4. c5 Nd5 5. d4 d6 6. cxd6 cxd6 7. Nf3 h6 8. Bc4 Be6 9. 0-0 Nd7 10. exd6 exd6 11. Re1 Be7 12. Qd3 0-0 13. Rxe6 fxe6 14. Bxh6 Qe8 15. Bd2 N7b6 16. Bb3 Qh5 17. Nc3 a6 18. Re1 Rac8 19. Rxe6 Rxc3 20. bxc3 Re8 21. Qe4 Kf8 22. g4 Qf7 23. Bxd5 Nxd5 24. Qxd5 Kg8 25. Ng5 1-0

[Event "HUN-chT2 Barcza 1718"]
[Site "Hungary"]
[Date "2017.11.26"]
[Round "4.10"]
[White "Horvath, Kristof"]
[Black "Bodnar, Mate"]
[Result "1-0"]
[WhiteElo "2022"]
[BlackElo "1736"]
[PlyCount "71"]
[EventDate "2017.09.24"]
[EventType "team-tourn"]
[EventRounds "11"]
[EventCountry "HUN"]
[SourceTitle "EXT 2021"]
[Source "ChessBase"]
[SourceDate "2020.10.23"]
[SourceVersion "1"]
[SourceVersionDate "2020.10.23"]
[SourceQuality "1"]
[WhiteTeam "Lillafured DVTK II"]
[BlackTeam "Debrecen Sakkbaratok"]
[WhiteTeamCountry "HUN"]
[BlackTeamCountry "HUN"]

1. e4 Nf6 2. e5 Nd5 3. c4 Nb6 4. d4 d6 5. exd6 exd6 6. Bd3 Nc6 7. Ne2 g6 8. Nbc3 Bg7 9. Be3 0-0 10. a3 Re8 11. 0-0 Bg4 12. h3 Bd7 13. b4 Qh4 14. Qc1 h6 15. c5 dxc5 16. bxc5 Nxd4 17. Nxd4 Bxd4 18. cxb6 Bxh3 19. Ne2 Bxa1 20. Qxa1 Bf5 21. Bxf5 gxf5 22. bxc7 Rac8 23. Rc1 Kh7 24. Qb1 Qg4 25. Ng3 Rxe3 26. fxe3 Qxg3 27. Qxf5+ Kg7 28. Qxc8 Qxe3+ 29. Kh2 Qf4+ 30. Kh3 Qe3+ 31. g3 Qxc1 32. Qg4+ Kh7 33. Qf5+ Kg7 34. c8Q Qh1+ 35. Kg4 Qd1+ 36. Kh4 1-0

[Event "HUN-chT U18"]
[Site "Hajduboszormeny"]
[Date "2016.11.03"]
[Round "2.14"]
[White "Papp, Levente"]
[Black "Horvath, Kristof"]
[Result "1-0"]
[WhiteElo "2057"]
[BlackElo "2002"]
[PlyCount "61"]
[EventDate "2016.11.02"]
[EventType "team-swiss"]
[EventRounds "8"]
[EventCountry "HUN"]
[SourceTitle "CBM 175 Extra"]
[Source "ChessBase"]
[SourceDate "2016.12.12"]
[SourceVersion "1"]
[SourceVersionDate "2016.12.12"]
[SourceQuality "1"]

1. c4 e5 2. g3 g6 3. Bg2 Bg7 4. Nc3 Ne7 5. e4 d6 6. Nge2 0-0 7. 0-0 c6 8. d4 Qc7 9. Be3 Nd7 10. f4 Nb6 11. b3 Rd8 12. fxe5 dxe5 13. d5 cxd5 14. exd5 Nf5 15. Bf2 Bf8 16. Ne4 Nd7 17. c5 Qa5 18. b4 Qxb4 19. c6 bxc6 20. dxc6 Be7 21. cxd7 Rxd7 22. Qb3 Qxb3 23. axb3 Rb8 24. Rfc1 a6 25. g4 Nd4 26. Nxd4 exd4 27. Bg3 Ra8 28. Nd6 Bxd6 29. Bxa8 Bb7 30. Bxb7 Bxg3 31. Bc6 1-0

[Event "HUN-chT2 Barcza 1617"]
[Site "Hungary"]
[Date "2016.10.30"]
[Round "3.8"]
[White "Toth, Laszlo"]
[Black "Horvath, Kristof"]
[Result "0-1"]
[WhiteElo "1829"]
[BlackElo "1995"]
[PlyCount "74"]
[EventDate "2016.09.25"]
[EventType "team-tourn"]
[EventRounds "11"]
[EventCountry "HUN"]
[SourceTitle "EXT 2021"]
[Source "ChessBase"]
[SourceDate "2020.10.23"]
[SourceVersion "1"]
[SourceVersionDate "2020.10.23"]
[SourceQuality "1"]
[WhiteTeam "Mezokovesd"]
[BlackTeam "Lillafured DVTK II"]
[WhiteTeamCountry "HUN"]
[BlackTeamCountry "HUN"]

1. d4 d5 2. c4 e6 3. Nc3 Nf6 4. Bg5 Be7 5. e3 h6 6. Bh4 0-0 7. Nf3 Ne4 8. Bxe7 Qxe7 9. Rc1 b6 10. cxd5 Nxc3 11. Rxc3 exd5 12. Qc2 c6 13. Ne5 c5 14. Bd3 c4 15. Bh7+ Kh8 16. Bg6 Nd7 17. Bxf7 Nxe5 18. Bxd5 Nd3+ 19. Rxd3 cxd3 20. Qxd3 Bb7 21. Bxb7 Qxb7 22. 0-0 Rac8 23. d5 Qc7 24. f3 Qc2 25. Rd1 Qxd3 26. Rxd3 Rc1+ 27. Kf2 Rc2+ 28. Kg3 Rxb2 29. d6 Kg8 30. e4 Kf7 31. f4 g6 32. h4 h5 33. Kf3 Rxa2 34. g4 hxg4+ 35. Kxg4 Ke6 36. e5 Ra4 37. Rf3 Rf5 0-1

[Event "HUN-ch U16"]
[Site "Balatonlelle"]
[Date "2016.06.30"]
[Round "9"]
[White "Papp, Levente"]
[Black "Horvath, Kristof"]
[Result "1-0"]
[WhiteElo "2073"]
[BlackElo "1929"]
[PlyCount "65"]
[EventDate "2016.06.24"]
[EventType "swiss"]
[EventRounds "9"]
[EventCountry "HUN"]
[SourceTitle "CBM 173 Extra"]
[Source "ChessBase"]
[SourceDate "2016.08.29"]
[SourceVersion "1"]
[SourceVersionDate "2016.08.29"]
[SourceQuality "1"]

1. e4 e5 2. Nf3 Nc6 3. c4 d6 4. Nc3 Bg4 5. Be2 Nf6 6. 0-0 Be7 7. d3 0-0 8. Nd5 Nd7 9. Be3 h6 10. Ne1 Bxe2 11. Qxe2 f5 12. exf5 Nf6 13. Nc2 Qd7 14. g4 Nxd5 15. cxd5 Nd8 16. d4 Bf6 17. f4 exf4 18. Bxf4 Re8 19. Qd3 Nf7 20. Rae1 Rxe1 21. Rxe1 Re8 22. Re6 Nd8 23. Bxh6 Nxe6 24. fxe6 Qe7 25. Qg6 Kh8 26. Be3 c6 27. g5 cxd5 28. gxf6 gxf6 29. Qh5+ Kg8 30. Bh6 f5 31. Qg6+ Kh8 32. Bg5 Rg8 33. Qxg8+ 1-0

[Event "HUN-ch U16"]
[Site "Balatonlelle"]
[Date "2016.06.27"]
[Round "5"]
[White "Horvath, Kristof"]
[Black "Bohus, Adam"]
[Result "1/2-1/2"]
[WhiteElo "1929"]
[BlackElo "2200"]
[PlyCount "74"]
[EventDate "2016.06.24"]
[EventType "swiss"]
[EventRounds "9"]
[EventCountry "HUN"]
[SourceTitle "CBM 173 Extra"]
[Source "ChessBase"]
[SourceDate "2016.08.29"]
[SourceVersion "1"]
[SourceVersionDate "2016.08.29"]
[SourceQuality "1"]

1. e4 e5 2. Nf3 Nc6 3. d4 exd4 4. Nxd4 Bc5 5. Nb3 Bb6 6. Nc3 Nf6 7. Qe2 a5 8. e5 0-0 9. exf6 a4 10. Nd5 Re8 11. Be3 axb3 12. cxb3 Bd4 13. Qd2 Bxf6 14. Bd3 Ne5 15. 0-0 b6 16. Be4 Rb8 17. Qc2 c6 18. Nxf6+ Qxf6 19. Bxh7+ Kh8 20. Bd3 d5 21. Rfe1 Nxd3 22. Qxd3 Bf5 23. Qc3 Qg6 24. Bf4 Ra8 25. a4 c5 26. Qd2 Be4 27. Bg3 d4 28. b4 Bc6 29. bxc5 bxc5 30. a5 Bd5 31. Rxe8+ Rxe8 32. a6 d3 33. a7 Ba8 34. f3 c4 35. Re1 Rxe1+ 36. Qxe1 Qb6+ 37. Qf2 Qb4 1/2-1/2

[Event "HUN-ch U16"]
[Site "Balatonlelle"]
[Date "2015.06.24"]
[Round "7"]
[White "Horvath, Kristof"]
[Black "Buzas, Bertalan"]
[Result "1/2-1/2"]
[WhiteElo "1875"]
[BlackElo "2038"]
[PlyCount "64"]
[EventDate "2015.06.18"]
[EventType "swiss"]
[EventRounds "7"]
[EventCountry "HUN"]
[SourceTitle "CBM 167 Extra"]
[Source "ChessBase"]
[SourceDate "2015.09.14"]
[SourceVersion "1"]
[SourceVersionDate "2015.09.14"]
[SourceQuality "1"]

1. e4 c6 2. d4 d5 3. exd5 cxd5 4. c4 e6 5. Nc3 Nf6 6. Nf3 Be7 7. Bd3 0-0 8. 0-0 Nc6 9. a3 b6 10. cxd5 exd5 11. h3 h6 12. Bf4 Bb7 13. Rc1 Rc8 14. Bf5 Ra8 15. Nb5 Ne8 16. Ne5 Nxe5 17. Bxe5 Ba6 18. Qa4 Bxb5 19. Qxb5 a6 20. Qd7 g6 21. Qxd8 Bxd8 22. Bd7 Ra7 23. Bc6 f6 24. Bb8 Re7 25. Bxd5+ Kg7 26. Bf3 Rd7 27. d5 Nd6 28. Bxd6 Rxd6 29. Rfe1 Rf7 30. Kf1 Rfd7 31. Rc6 Kf7 32. Re6 Rxc6 1/2-1/2

[Event "HUN-chT2 Barcza 1314"]
[Site "Hungary"]
[Date "2013.10.20"]
[Round "3"]
[White "Horvath, Kristof"]
[Black "Duzs, Jozsef"]
[Result "1-0"]
[WhiteElo "1867"]
[BlackElo "2030"]
[PlyCount "67"]
[EventDate "2013.09.08"]
[EventType "team-tourn"]
[EventRounds "11"]
[EventCountry "HUN"]
[SourceTitle "EXT 2016"]
[Source "ChessBase"]
[SourceDate "2015.10.08"]
[SourceVersion "1"]
[SourceVersionDate "2015.10.08"]
[SourceQuality "1"]
[WhiteTeam "Miskolc EMSE"]
[BlackTeam "Edeleny"]
[WhiteTeamCountry "HUN"]
[BlackTeamCountry "HUN"]

1. e4 e6 2. d4 d5 3. exd5 exd5 4. Bd3 Nf6 5. Bg5 Bd6 6. Nf3 0-0 7. 0-0 Bg4 8. Nbd2 Nbd7 9. Bh4 c6 10. c3 Qc7 11. Bg3 Rfe8 12. Qc2 Re7 13. Nh4 g6 14. Bxd6 Qxd6 15. h3 Be6 16. f4 Nf8 17. f5 Bd7 18. Ndf3 Qg3 19. Qd2 Kg7 20. Rf2 Ne4 21. Bxe4 Rxe4 22. f6+ Kxf6 23. Ng5+ Kg7 24. Rxf7+ Kg8 25. Nxe4 Qxh4 26. Rf4 Qe7 27. Nf6+ Kg7 28. Nxd7 Qxd7 29. Raf1 Ne6 30. R4f3 h6 31. Qf2 Ng5 32. Rf8 Re8 33. Qf6+ Kh7 34. Qh8# 1-0